000
00282nam a22000977a 4500
008
240220b |||||||| |||| 00| 0 eng d
082
_a
A-C
_b
PERP
100
1
0
_a
Perkins Gilman, Charlotte
_e
autor
_9
43453
245
_a
El papel pintado amarillo /
_c
Charlotte Perkins Gilman
942
_2
ddc
999
_c
30636
_d
17020